Grammy - Nagranie roku - Statystyki

Ogólne statystyki
  • Ten quiz został rozwiązany 90 razy
    13 od ostatniego zresetowania
  • Średni wynik to 14 z 57
Statystyki odpowiedzi
Rok Piosenka Laureat % Poprawnych
2018 24K Magic Bruno Mars
92%
1984 Beat It Michael Jackson
92%
2024 Flowers Miley Cyrus
92%
2012, 2017 Rolling in the Deep; Hello Adele
85%
2020, 2021 Bad Guy; Everything I Wanted Billie Eilish
85%
1999 My Heart Will Go On Celine Dion
77%
1994 I Will Always Love You Whitney Houston
77%
2008 Rehab Amy Winehouse
62%
2004 Clocks Coldplay
62%
2014 Get Lucky Daft Punk
54%
2013 Somebody That I Used to Know Gotye
54%
2016 Uptown Funk Mark Ronson
54%
1978 Hotel California Eagles
46%
1993, 1997 Tears in Heaven; Change the World Eric Clapton
46%
2023 About Damn Time Lizzo
46%
2015 Stay with Me Sam Smith
46%
2001, 2002 Beautiful Day; Walk On U2
46%
2006 Boulevard of Broken Dreams Green Day
38%
1991 Another Day in Paradise Phil Collins
38%
2010 Use Somebody Kings of Leon
31%
1996 Kiss from a Rose Seal
31%
1985 What's Love Got to Do with It Tina Turner
23%
1983 Rosanna Toto
23%
1989 Don't Worry, Be Happy Bobby McFerrin
15%
2019 This is America Childish Gambino
15%
2000 Smooth Santana
15%
1967 Strangers in the Night Frank Sinatra
8%
2011 Need You Now Lady Antebellum
8%
2003 Don't Know Why Norah Jones
8%
1995 All I Wanna Do Sheryl Crow
8%
1969, 1971 Mrs. Robinson; Bridge over Troubled Water Simon & Garfunkel
8%
1987 Higher Love Steve Winwood
8%
2009 Please Read the Letter Alison Krauss and Robert Plant
0%
1965 The Girl from Ipanema Astrud Gilberto and Stan Getz
0%
1990 Wind Beneath My Wings Bette Midler
0%
1979 Just the Way You Are Billy Joel
0%
1959 Mack the Knife Bobby Darin
0%
1976 Love Will Keep Us Together Captain & Tennille
0%
1972 It's Too Late Carole King
0%
1981 Sailing Christopher Cross
0%
2007 Not Ready to Make Nice Dixie Chicks
0%
1959 Volare Domenico Modugno
0%
1977 This Masquerade George Benson
0%
1962, 1964 Moon River; Days of Wine and Roses Henry Mancini
0%
1966 A Taste of Honey Herb Alpert and the Tijuana Brass
0%
1982 Bette Davis Eyes Kim Carnes
0%
1992 Unforgettable Natalie Cole
0%
1975 I Honestly Love You Olivia Newton-John
0%
1988 Graceland Paul Simon
0%
1961 Theme from "A Summer Place" Percy Faith
0%
2005 Here We Go Again Ray Charles
0%
1973, 1974 The First Time Ever I Saw Your Face; Killing Me Softly with His Song Roberta Flack
0%
1998 Sunny Came Home Shawn Colvin
0%
2022 Leave the Door Open Silk Sonic
0%
1968, 1970 Aquarius/Let the Sunshine In; Up, Up and Away The 5th Dimension
0%
1980 What a Fool Believes The Doobie Brothers
0%
1963 I Left My Heart in San Francisco Tony Bennett
0%
Nie znaleziono quizów pasujących do podanych kryteriów
Rozkład punktacji
Procent ludzi z każdym wynikiem
Percentyl według liczby udzielonych odpowiedzi
Twoja historia wyników
Nie rozwiązałeś tego quizu od ostatniego zresetowania